|
|
|
|
| LEADER |
00000nam a22000004a 4500 |
| 001 |
AR-BbUGT58434 |
| 003 |
AR-BbUGT |
| 005 |
20250807151345.0 |
| 007 |
ta |
| 008 |
250715t2022 ag o b 000 0dspa d |
| 020 |
|
|
|a 9789878927350
|
| 040 |
|
|
|a AR-BbUGT
|b spa
|c AR-BbUGT
|e aacr2
|
| 041 |
0 |
|
|a spa
|b spa
|
| 082 |
0 |
4 |
|a 305.4355
|2 21
|
| 245 |
1 |
0 |
|a Pioneras en Geografía :
|b mujeres en la docencia e investigación en las carreras de Geografía de Universidades Argentinas /
|c Graciela María Benedetti ... [et al.].
|
| 260 |
|
|
|a Buenos Aires :
|b Editorial de la Facultad de Filosofía y Letras Universidad de Buenos Aires,
|c 2022.
|
| 300 |
|
|
|a 88 p. :
|b il., fot. ;
|c 20 cm.
|
| 336 |
|
|
|2 rdacontent
|a text
|b txt
|
| 337 |
|
|
|2 rdamedia
|a unmediated
|b n
|
| 338 |
|
|
|2 rdacarrier
|a volume
|b nc
|
| 520 |
3 |
|
|a La producción intelectual de las mujeres en los campos de la cultura y las Ciencias Sociales no ha sido lo suficientemente divulgada. El ámbito de la Geografía no escapa a esta situación. La invisibilización de la cual fueron objeto las geógrafas en las Universidades Argentinas nos llevó a pensarlas como "pioneras" del saber, como luchadoras por apropiarse de espacios institucionales, por darles un cariz propio o por organizar otros nuevos. El libro ofrece una semblanza de doce académicas que desarrollaron sus trayectorias en distintas universidades nacionales del país. Estas trayectorias destacan sus contribuciones al fortalecimiento de las carreras de geografía (proponiendo cambios en los planes de estudio) o a la formación de otras con orientación ambiental o turística; al crecimiento de los institutos de investigación abriéndolos al ámbito internacional; a la difusión del conocimiento geográfico a través de colecciones destinadas al público en general. En todas ellas se observa un gran compromiso con la actividad docente y de investigación. Este texto nos permitió constatar que el aporte de estas académicas no puede soslayarse a la hora de comprender la heterogeneidad del devenir de la(s) Geografía(s) en Argentina.
|
| 650 |
|
7 |
|a Geografía
|2 unescot
|
| 650 |
|
7 |
|a Enseñanza de la geografía
|2 unescot
|
| 700 |
1 |
2 |
|a Hevilla, Cristina,
|t Alicia Andrada : la importancia del trabajo de campo en la formación en Geografía (1948-2019).
|
| 700 |
1 |
2 |
|a Cicalese, Guillermo Gustavo,
|t Elena Chiozza : enseñanza, investigación-acción y edición (1919-2011).
|
| 700 |
1 |
2 |
|a Panigo, María Florencia,
|t María Luisa D´Angelo : una vida dedicada al campo de la didáctica de la Geografía.
|
| 700 |
1 |
2 |
|a Benedetti Graciela,
|t Nidia Ester Formiga : profesora destacada en el campo de la Geografía y los estudios de población.
|
| 700 |
1 |
2 |
|a Bombal, Diego,
|t María Estela Furlani de Civit : ciencia, docencia y pasión por la geografía (1935-2020).
|
| 700 |
1 |
2 |
|a Lapena, Jorge,
|t María Celia García : una referente de la geografía física en las sierras septentrionales bonaerenses, con contribuciones en materia de calidad de vida ambiental.
|
| 700 |
1 |
2 |
|a Silveira, María Laura,
|t Ana María Goicoechea : una lectura crítica de la ciudad y la región en la Patagonia Norte.
|
| 700 |
1 |
2 |
|a Massera, Cristina,
|t Myriam Susana González : el estudio de las migraciones desde la perspectiva de género en Patagonia.
|
| 700 |
1 |
2 |
|a Blanco, Jorge,
|t Marta Isabel Kollmann : la promoción de la geografía analítica en la Universidad de Buenos Aires.
|
| 700 |
1 |
2 |
|a Visintini, María Laura,
|t Alejandra Marek : crear otras didácticas para la geografía.
|
| 700 |
1 |
2 |
|a Nieto, Daniela Patricia,
|t María Margarita Papalardo : una militante por los derechos de los trabajadores y trabajadoras en general y de la geografía en particular en la Universidad de la Plata.
|
| 700 |
1 |
2 |
|a Salim Grau, Jacqueline,
|t Selva Elvira Santillán de Andrés : los inicios de los estudios de los paisajes de Tucumán desde la geografía humana (1919-1999).
|
| 942 |
|
|
|2 ddc
|c BK
|e 21
|h 305.4355
|i P662
|6 305_435500000000000_P662
|
| 999 |
|
|
|c 16214
|d 16214
|